[Event "Giraldilla de La Habana op"]
[Site "Havana"]
[Date "2018.07.31"]
[Round "6"]
[White "Perez Hernandez, Kendry"]
[Black "Lopez Del Real, Fabio Daniel"]
[Result "1-0"]
[WhiteElo "1644"]
[BlackElo "1779"]
[PlyCount "37"]
[EventDate "2018.07.28"]
[EventType "swiss"]
[EventRounds "9"]
[EventCountry "CUB"]
[SourceTitle "EXT 2021"]
[Source "ChessBase"]
[SourceDate "2020.10.23"]
[SourceVersion "1"]
[SourceVersionDate "2020.10.23"]
[SourceQuality "1"]

1. e4 e5 2. Nf3 Nc6 3. d4 d6 4. dxe5 Nxe5 5. Nc3 Bg4 6. Be2 Bxf3 7. gxf3 Nf6 8. f4 Ned7 9. Be3 g6 10. f3 Nh5 11. Qd2 Qh4+ 12. Kd1 Bh6 13. Nd5 Qd8 14. Qc3 0-0 15. f5 Bxe3 16. Nxe3 Nf4 17. Ng4 Ne5 18. Bc4 Nxc4 19. Nh6# 1-0

[Event "Giraldilla de La Habana op"]
[Site "Havana"]
[Date "2018.07.30"]
[Round "5"]
[White "Lopez Del Real, Fabio Daniel"]
[Black "Benitez Montalvo, Hedilberto"]
[Result "1/2-1/2"]
[WhiteElo "1779"]
[BlackElo "1651"]
[PlyCount "39"]
[EventDate "2018.07.28"]
[EventType "swiss"]
[EventRounds "9"]
[EventCountry "CUB"]
[SourceTitle "EXT 2021"]
[Source "ChessBase"]
[SourceDate "2020.10.23"]
[SourceVersion "1"]
[SourceVersionDate "2020.10.23"]
[SourceQuality "1"]

1. e4 e5 2. Nf3 d6 3. d4 exd4 4. Nxd4 Nf6 5. Nc3 Be7 6. g3 d5 7. e5 Ng4 8. Bg2 0-0 9. 0-0 Nxe5 10. Nxd5 Bc5 11. c3 c6 12. Ne3 Nbd7 13. Qc2 Nf6 14. Rd1 Qc7 15. Nef5 Bxf5 16. Nxf5 Rad8 17. Bf4 g6 18. Nh6+ Kg7 19. Re1 Bd6 20. Bg5 1/2-1/2

[Event "Giraldilla de La Habana op"]
[Site "Havana"]
[Date "2018.07.29"]
[Round "3"]
[White "Rodriguez Del Valle, Angel"]
[Black "Lopez Del Real, Fabio Daniel"]
[Result "1-0"]
[WhiteElo "1740"]
[BlackElo "1779"]
[PlyCount "21"]
[EventDate "2018.07.28"]
[EventType "swiss"]
[EventRounds "9"]
[EventCountry "CUB"]
[SourceTitle "EXT 2021"]
[Source "ChessBase"]
[SourceDate "2020.10.23"]
[SourceVersion "1"]
[SourceVersionDate "2020.10.23"]
[SourceQuality "1"]

1. d4 Nf6 2. Nf3 e6 3. c4 d5 4. e3 Be7 5. Bd3 dxc4 6. Bxc4 c5 7. 0-0 0-0 8. Qe2 Nc6 9. dxc5 Bxc5 10. Nc3 Ne5 11. Nxe5 1-0